000 00437nam a22001457a 4500
005 20250130142417.0
008 250130b |||||||| |||| 00| 0 eng d
020 _a 0911910182
050 _aRC55
_b.M4
245 _aThe Merck Manual of Diagnosis and Therapy/
250 _a18th ed.
260 _aWhitehouse Station, NJ
_bMerck Research Laboratories
_c2006
300 _axxxii. 2991p.
_bill. some color
_c21cm
942 _2lcc
_cBK
_e18th ed.
_n0
999 _c3256
_d3256